My Little Pony Quiz Stats

Quiz not verified by Sporcle

Also try: Celebrity Golfers
Challenge
Share
Tweet
Embed
Score 0/10 Timer 10:00
0 Plays Today
Hint Answer % Correct
Do pony's have tail's?yes
99.2%
Are there boy pony'syes
99.2%
Can some pony's fly?yes
99.2%
Can ponys have regular jobs?Yes
99.2%
Are there different races of pony'sYes
99.2%
Can the ponys drive?No
98.9%
Are there other mythical creatures?No
98.9%
Can humans live with ponys?No
98.9%
How many hooves to the pony's have?4
92.9%
Who is the most fabulous Pony of all?A little Pony
13.3%

You're not logged in!

Compare scores with friends on all Sporcle quizzes.
Join for Free
OR
Log In

You Might Also Like...

Show Comments

Extras

Created Mar 6, 2014ReportNominate
Tags:fan, little, pony

Top Quizzes Today


Score Distribution

Your Account Isn't Verified!

In order to create a playlist on Sporcle, you need to verify the email address you used during registration. Go to your Sporcle Settings to finish the process.

Report this User

Report this user for behavior that violates our Community Guidelines.

Details: